02334naa a2200301 a 450000100080000000500110000800800410001902200140006002400540007410000130012824500890014126000090023052014160023965000260165565300270168165300280170865300300173665300150176665300200178165300200180165300240182165300410184565300190188665300170190570000260192270000160194877300680196421681132024-10-17 2024 bl uuuu u00u1 u #d a0168-16997 ahttps://doi.org/10.1016/j.compag.2024.1094592DOI1 aPAPA, M. aTechnologies in cattle traceabilityba bibliometric analysis.h[electronic resource] c2024 aABSTRACT. It has been widely documented that livestock cattle can play a non-negligible role in natural landscapes due to climate change, deforestation, and enteric methane emissions. Alternatively, sustainable protocols and market digitalization are highlighted as promising tools to mitigate environmental cattle impacts by authenticated data in digital traceability systems. Digital inclusion, particularly for cattle breeders, can be a useful starting point for employing sustainable protocol in food chain production and management. This study analyzes the evolution of knowledge in the area of animal traceability to compare applied technologies found by a bibliometric analysis of articles published in Web of Science. The study evidences a clear change in thematic research over decades, currently culminating in technologies such as blockchain, IoT (Internet of Things), machine learning, and deep learning. These technologies emerge as the main research scopes in promoting transparency and reliability in the production chain, especially considering individual digital identification. However, challenges such as high investment requirements and difficulties in data accessibility, interoperability, privacy, and security implicate the low maturity level of available technologies and knowledge, therefore preventing further adoption and development of reliable worldwide animal traceability systems. aBibliometric analysis aAdoção de tecnologia aAnálise bibliométrica aAnimal identification Tag aBeef chain aCadeia da Carne aRastreabilidade aTechnology adoption aTecnologia de identificação animal aTransparência aTransparency1 aOLIVEIRA, S. R. de M.1 aBERGIER, I. tComputers and Electronics in Agriculturegv. 227, 109459, 2024.